[Event "Swindon U1900"]
[Site "Swindon"]
[Date "2025.08.23"]
[Round "3.10"]
[White "Li, Yueci"]
[Black "Moseley, Alan"]
[Result "0-1"]
[WhiteElo "1690"]
[BlackElo "1759"]
[PlyCount "68"]
[EventDate "2025.08.22"]
[EventType "swiss"]
[EventRounds "6"]
[EventCountry "ENG"]
[SourceTitle "BritBase"]
[Source "John Saunders"]
[SourceDate "2025.12.11"]
[SourceVersion "1"]
[SourceVersionDate "2025.12.11"]
[SourceQuality "1"]

1. e4 d6 2. d4 Nf6 3. Nc3 e5 4. Nf3 Nbd7 5. Bc4 Be7 6. O-O h6 7. Re1 c6 8. a4 O-O 9. dxe5 dxe5 10. h3 Re8 11. Bd2 Qc7 12. Qe2 Nf8 13. Na2 Be6 14. Bc3 Bxc4 15. Qxc4 Ng6 16. Nc1 Rad8 17. Nd3 Bf8 18. b4 b6 19. a5 b5 20. Qb3 a6 21. Qb2 Nd7 22. Red1 Re6 23. h4 Bd6 24. g3 Kh7 25. h5 Ne7 26. Kg2 f5 27. exf5 Nxf5 28. Ndxe5 Nxe5 29. Nxe5 c5 30. bxc5 Qxc5 31. Nf7 Qc6+ 32. Kg1 Nxg3 33. Kh2 Nf1+ 34. Kg1 Bh2+ 0-1

[Event "Swindon U1900"]
[Site "Swindon"]
[Date "2025.08.23"]
[Round "3.11"]
[White "Saharkar, Sharvari"]
[Black "Fretwell, Ellis"]
[Result "1-0"]
[WhiteElo "1587"]
[BlackElo "1752"]
[PlyCount "93"]
[EventDate "2025.08.22"]
[EventType "swiss"]
[EventRounds "6"]
[EventCountry "ENG"]
[SourceTitle "BritBase"]
[Source "John Saunders"]
[SourceDate "2025.12.11"]
[SourceVersion "1"]
[SourceVersionDate "2025.12.11"]
[SourceQuality "1"]

1. e4 c6 2. d4 d5 3. Nc3 g6 4. e5 h5 5. Nf3 Bg4 6. h3 Bxf3 7. Qxf3 e6 8. Be3 Ne7 9. Bd3 Nf5 10. Bxf5 gxf5 11. Ne2 Nd7 12. h4 Qb6 13. O-O-O O-O-O 14. Ng3 c5 15. c3 Qa5 16. Kb1 Bh6 17. Nxh5 Bxe3 18. fxe3 Rdg8 19. Rdg1 Rg4 20. Nf4 Qd8 21. g3 Qg8 22. Rg2 Nf8 23. a3 c4 24. Rhg1 Ng6 25. Nxd5 Nxe5 26. Ne7+ Kb8 27. dxe5 Qd8 28. Nxf5 Qd3+ 29. Ka2 exf5 30. Rf1 Rh5 31. Rgg1 Qe4 32. Qd1 a6 33. Qd6+ Ka7 34. Qc5+ b6 35. Qf8 Qb7 36. Rf4 Qd7 37. e4 Rhxh4 38. Rxf5 Rh7 39. Rh1 Rgg7 40. Rff1 Rxh1 41. Rxh1 Rxg3 42. Rf1 f5 43. Rxf5 Rg7 44. e6 Qd1 45. Qxg7+ Kb8 46. Rf8+ Qd8 47. Rxd8# 1-0

[Event "Swindon U1900"]
[Site "Swindon"]
[Date "2025.08.23"]
[Round "3.12"]
[White "Northam, Lawrence"]
[Black "Jackson, Sam"]
[Result "0-1"]
[WhiteElo "1880"]
[BlackElo "1701"]
[PlyCount "88"]
[EventDate "2025.08.22"]
[EventType "swiss"]
[EventRounds "6"]
[EventCountry "ENG"]
[SourceTitle "BritBase"]
[Source "John Saunders"]
[SourceDate "2025.12.11"]
[SourceVersion "1"]
[SourceVersionDate "2025.12.11"]
[SourceQuality "1"]

1. d4 d5 2. c4 e6 3. Nc3 a6 4. cxd5 exd5 5. Bf4 c6 6. Qc2 Nf6 7. e3 Bd6 8. Bxd6 Qxd6 9. Bd3 h6 10. Nge2 O-O 11. O-O Re8 12. Ng3 Be6 13. Rab1 Nbd7 14. b4 b5 15. a4 Nb6 16. f3 Bd7 17. Qf2 Nxa4 18. Nxa4 bxa4 19. e4 dxe4 20. fxe4 Qe7 21. Ra1 Be6 22. Rxa4 Qd7 23. Ne2 c5 24. Rxa6 Rxa6 25. Bxa6 cxb4 26. Bd3 Bg4 27. Ng3 Rd8 28. d5 Qd6 29. Qd4 Nh5 30. Nf5 Bxf5 31. Rxf5 g6 32. Rf1 Re8 33. g3 Ng7 34. Rf6 Qc7 35. Rc6 Qa5 36. Ra6 Qc7 37. Qxb4 Rb8 38. Qc4 Rb1+ 39. Kg2 Rb2+ 40. Kf3 Qe7 41. Qc3 Rxh2 42. Qf6 Qc5 43. Ra8+ Kh7 44. Be2 Qf2+ 0-1

[Event "Swindon U1900"]
[Site "Swindon"]
[Date "2025.08.24"]
[Round "4.1"]
[White "Ramdewar, Ishan"]
[Black "Morrison, John V"]
[Result "1-0"]
[WhiteElo "1867"]
[BlackElo "1807"]
[PlyCount "65"]
[EventDate "2025.08.22"]
[EventType "swiss"]
[EventRounds "6"]
[EventCountry "ENG"]
[SourceTitle "BritBase"]
[Source "John Saunders"]
[SourceDate "2025.12.11"]
[SourceVersion "1"]
[SourceVersionDate "2025.12.11"]
[SourceQuality "1"]

1. d4 f5 2. Bg5 b5 3. e4 fxe4 4. Bxb5 c6 5. Be2 Qa5+ 6. Qd2 Qf5 7. f3 Nf6 8. Bxf6 exf6 9. fxe4 Qxe4 10. Nc3 Qe6 11. O-O-O Be7 12. Bh5+ g6 13. d5 Qd6 14. Bf3 O-O 15. Qh6 Qc7 16. h4 Rf7 17. Qd2 Bb4 18. Nge2 a5 19. d6 Qa7 20. Rhe1 Qf2 21. Qh6 Bb7 22. Ne4 Qxe1 23. Rxe1 Bxe1 24. Nf4 Na6 25. Nxg6 hxg6 26. Qxg6+ Rg7 27. Nxf6+ Kf8 28. Qh6 Bxh4 29. Qxh4 Kf7 30. Nxd7 Ke6 31. Qf6+ Kxd7 32. Qxg7+ Kc8 33. Qf8+ 1-0

[Event "Swindon U1900"]
[Site "Swindon"]
[Date "2025.08.24"]
[Round "4.2"]
[White "French, Morgan"]
[Black "Johnson, Richard J"]
[Result "0-1"]
[WhiteElo "1717"]
[BlackElo "1866"]
[PlyCount "48"]
[EventDate "2025.08.22"]
[EventType "swiss"]
[EventRounds "6"]
[EventCountry "ENG"]
[SourceTitle "BritBase"]
[Source "John Saunders"]
[SourceDate "2025.12.11"]
[SourceVersion "1"]
[SourceVersionDate "2025.12.11"]
[SourceQuality "1"]

1. d4 d6 2. c4 e5 3. dxe5 dxe5 4. Qc2 Nc6 5. Nc3 Nd4 6. Qd1 Bf5 7. e4 Bg6 8. Nf3 Bh5 9. Qa4+ c6 10. Nxe5 Bb4 11. Be3 Qh4 12. Bxd4 Qxe4+ 13. Kd2 Qxd4+ 14. Nd3 O-O-O 15. Qxb4 Bg6 16. Rd1 Qxf2+ 17. Kc1 Qe3+ 18. Kc2 Nf6 19. Be2 Rhe8 20. Rhe1 Qf2 21. Rf1 Rxe2+ 22. Nxe2 Qxe2+ 23. Qd2 Bxd3+ 24. Kc1 Qxd2+ 0-1

[Event "Swindon U1900"]
[Site "Swindon"]
[Date "2025.08.24"]
[Round "4.3"]
[White "Reith, Duncan Im"]
[Black "Ebrahimi, Navid"]
[Result "1-0"]
[WhiteElo "1849"]
[BlackElo "1695"]
[PlyCount "95"]
[EventDate "2025.08.22"]
[EventType "swiss"]
[EventRounds "6"]
[EventCountry "ENG"]
[SourceTitle "BritBase"]
[Source "John Saunders"]
[SourceDate "2025.12.11"]
[SourceVersion "1"]
[SourceVersionDate "2025.12.11"]
[SourceQuality "1"]

1. e4 d6 2. d4 Nf6 3. Nc3 Nbd7 4. f4 e5 5. Nf3 exd4 6. Nxd4 g6 7. Be3 Bg7 8. Qd2 Ng4 9. Bg1 O-O 10. O-O-O a6 11. h3 Ngf6 12. g4 Re8 13. Bg2 Nc5 14. Re1 Nfd7 15. h4 Nb6 16. h5 Bxg4 17. hxg6 hxg6 18. Bf3 Bxf3 19. Nxf3 Nc4 20. Qh2 Ne6 21. f5 Ng5 22. fxg6 fxg6 23. Bd4 Bxd4 24. Nxd4 Qf6 25. Qh4 Rf8 26. Ne6 Qxe6 27. Qh8+ Kf7 28. Rhf1+ Ke7 29. Nd5+ Kd7 30. Rxf8 Rxf8 31. Qxf8 Ne5 32. Qb8 Nxe4 33. Qxc7+ Ke8 34. Qxb7 Nc5 35. Nc7+ Kd7 36. Nxe6+ Nxb7 37. Nf8+ Kc6 38. Rg1 Nc5 39. Nxg6 Nf3 40. Rf1 Nd4 41. Rf7 Ne4 42. Ne7+ Kd7 43. Rh7 Ng5 44. Rh5 Ngf3 45. Ng6 Ne2+ 46. Kd1 Ned4 47. Ra5 Ng5 48. Rxg5 1-0

[Event "Swindon U1900"]
[Site "Swindon"]
[Date "2025.08.24"]
[Round "4.4"]
[White "George, Richard M"]
[Black "Palav, Mayank"]
[Result "1/2-1/2"]
[WhiteElo "1839"]
[BlackElo "1653"]
[PlyCount "45"]
[EventDate "2025.08.22"]
[EventType "swiss"]
[EventRounds "6"]
[EventCountry "ENG"]
[SourceTitle "BritBase"]
[Source "John Saunders"]
[SourceDate "2025.12.11"]
[SourceVersion "1"]
[SourceVersionDate "2025.12.11"]
[SourceQuality "1"]

1. d4 d5 2. Bg5 Nf6 3. e3 Bf5 4. Bd3 Bxd3 5. Qxd3 c6 6. Nd2 Nbd7 7. Ngf3 e6 8. O-O Be7 9. c4 O-O 10. a3 h6 11. Bh4 c5 12. Rfd1 Rc8 13. Rac1 cxd4 14. Nxd4 Qb6 15. b4 Ne5 16. Qb3 dxc4 17. Nxc4 Nxc4 18. Rxc4 Rxc4 19. Qxc4 Rd8 20. Rc1 Nd5 21. Bxe7 Nxe7 22. Nb3 Qd6 23. Nd4 1/2-1/2

[Event "Swindon U1900"]
[Site "Swindon"]
[Date "2025.08.24"]
[Round "4.5"]
[White "Cawston, M John"]
[Black "Ranasinghe, R A Chaniru Chanudi"]
[Result "1-0"]
[WhiteElo "1781"]
[BlackElo "1642"]
[PlyCount "105"]
[EventDate "2025.08.22"]
[EventType "swiss"]
[EventRounds "6"]
[EventCountry "ENG"]
[SourceTitle "BritBase"]
[Source "John Saunders"]
[SourceDate "2025.12.11"]
[SourceVersion "1"]
[SourceVersionDate "2025.12.11"]
[SourceQuality "1"]

1. Nf3 Nf6 2. c4 g6 3. Nc3 Bg7 4. d4 O-O 5. g3 d6 6. Bg2 Nbd7 7. O-O e5 8. Qc2 exd4 9. Nxd4 Ne5 10. b3 Nfd7 11. Rd1 Re8 12. h3 Nc5 13. Be3 a5 14. Rac1 Bd7 15. Rd2 Qc8 16. Kh2 Ne6 17. Rcd1 Bf6 18. Nxe6 Rxe6 19. Nd5 Bg7 20. Bg5 f6 21. Be3 Nc6 22. Nf4 Re8 23. c5 Bf5 24. Qc4+ Kh8 25. cxd6 cxd6 26. Rxd6 Ne5 27. Qxc8 Raxc8 28. Bxb7 Rb8 29. Bg2 Nf7 30. R6d5 Rbd8 31. Rxd8 Nxd8 32. Bb6 Nf7 33. Bxa5 g5 34. Nh5 Rxe2 35. Nxg7 Kxg7 36. Rd2 Re7 37. Bb4 Re5 38. a4 Be6 39. Bc3 Rc5 40. Bd4 Ra5 41. Rd3 Ra6 42. Be3 Ne5 43. Rc3 Rd6 44. Bc5 Rd1 45. b4 g4 46. h4 Bc4 47. Be3 Rb1 48. b5 Be2 49. Rc7+ Kf8 50. Rc1 Rb2 51. Bd4 Ra2 52. Bxe5 fxe5 53. b6 1-0

[Event "Swindon U1900"]
[Site "Swindon"]
[Date "2025.08.24"]
[Round "4.6"]
[White "Bryant, Jeffrey"]
[Black "Driver, Kingsley"]
[Result "0-1"]
[WhiteElo "1695"]
[BlackElo "1778"]
[PlyCount "110"]
[EventDate "2025.08.22"]
[EventType "swiss"]
[EventRounds "6"]
[EventCountry "ENG"]
[SourceTitle "BritBase"]
[Source "John Saunders"]
[SourceDate "2025.12.11"]
[SourceVersion "1"]
[SourceVersionDate "2025.12.11"]
[SourceQuality "1"]

1. e4 e6 2. b3 d5 3. Bb2 c5 4. exd5 exd5 5. Qe2+ Be6 6. Nf3 Nc6 7. g3 Nf6 8. Ng5 Qd7 9. Nxe6 Qxe6 10. Qxe6+ fxe6 11. Bh3 Kf7 12. Nc3 Nd4 13. O-O-O b5 14. f4 Bd6 15. Rde1 Rhe8 16. Re3 a6 17. Rhe1 Nf5 18. R3e2 Nd4 19. Rf2 h5 20. Bg2 b4 21. Na4 Rac8 22. Bxd4 cxd4 23. f5 e5 24. Nb6 Rc5 25. d3 Ng4 26. Bxd5+ Rxd5 27. Nxd5 Nxf2 28. Re2 Ng4 29. Nb6 Ne3 30. Nc4 Nxc4 31. bxc4 Be7 32. h4 a5 33. Kb2 Bd6 34. Kb3 Kf6 35. Ka4 Kxf5 36. Re4 Rc8 37. Kxa5 Rxc4 38. Rxe5+ Kxe5 39. dxc4 d3 40. cxd3 Kd4 41. Kb5 Kxd3 42. c5 Bxg3 43. Kxb4 Bxh4 44. a4 Be1+ 45. Kb5 h4 46. c6 Bg3 47. a5 h3 48. a6 h2 49. a7 h1=Q 50. a8=Q Qd5+ 51. Kb6 Bf2+ 52. Kb7 Qb3+ 53. Kc7 Bg3+ 54. Kd7 Qf7+ 55. Kc8 Qc7# 0-1

[Event "Swindon U1900"]
[Site "Swindon"]
[Date "2025.08.24"]
[Round "4.7"]
[White "Moseley, Alan"]
[Black "Saharkar, Sharvari"]
[Result "1-0"]
[WhiteElo "1759"]
[BlackElo "1587"]
[PlyCount "159"]
[EventDate "2025.08.22"]
[EventType "swiss"]
[EventRounds "6"]
[EventCountry "ENG"]
[SourceTitle "BritBase"]
[Source "John Saunders"]
[SourceDate "2025.12.11"]
[SourceVersion "1"]
[SourceVersionDate "2025.12.11"]
[SourceQuality "1"]

1. d4 d5 2. c4 e6 3. Nc3 Nf6 4. cxd5 exd5 5. Bg5 Be7 6. e3 h6 7. Bh4 c6 8. Bd3 O-O 9. Nge2 Be6 10. O-O Nbd7 11. Qc2 Rc8 12. Rad1 c5 13. Qd2 Re8 14. Bb1 cxd4 15. Nxd4 Qa5 16. Nb3 Qb6 17. Qd4 Qb4 18. Bxf6 Nxf6 19. Qxa7 Qh4 20. Rd4 Ng4 21. h3 Bd6 22. Qa4 h5 23. Nd2 Bh2+ 24. Kh1 Nxf2+ 25. Kxh2 Ng4+ 26. Kg1 Qg3 27. hxg4 Qxe3+ 28. Kh1 hxg4 29. Nd1 Qe5 30. Nf2 b5 31. Qb4 Qh5+ 32. Kg1 Rc6 33. Qxb5 Bd7 34. Rxd5 Qh4 35. Rh5 Qg3 36. Bh7+ Kf8 37. Qb4+ Re7 38. Nde4 Qc7 39. Rc5 g3 40. Nh3 Qa7 41. Kh1 Rb6 42. Qc4 Rh6 43. Bf5 Be8 44. Nxg3 g6 45. Bb1 Qb7 46. Be4 Qxb2 47. Qc1 Qh8 48. Qf4 Rh4 49. Qf3 Bd7 50. Nf5 gxf5 51. Bxf5 Qd4 52. Rd5 Qa7 53. Bxd7 Rxd7 54. Rxd7 Qxd7 55. Qa8+ Kg7 56. Qf3 Kf8 57. Qa3+ Kg8 58. Qa8+ Kg7 59. Qa3 Kg8 60. Qg3+ Rg4 61. Qb8+ Kh7 62. Qb1+ Kg8 63. Qf5 Qd4 64. Qxf7+ Kh8 65. Qf8+ Kh7 66. Rf7+ Rg7 67. Qxg7+ Qxg7 68. Rxg7+ Kxg7 69. Nf4 Kf6 70. a4 Ke5 71. a5 Kd6 72. g4 Kd7 73. g5 Kd8 74. a6 Kc8 75. g6 Kb8 76. g7 Ka7 77. g8=Q Kxa6 78. Qb8 Ka5 79. Nd5 Ka6 80. Qb6# 1-0

[Event "Swindon U1900"]
[Site "Swindon"]
[Date "2025.08.24"]
[Round "4.8"]
[White "Weston, Rick"]
[Black "Di-Vetta, Andrew"]
[Result "1-0"]
[WhiteElo "1866"]
[BlackElo "1768"]
[PlyCount "153"]
[EventDate "2025.08.22"]
[EventType "swiss"]
[EventRounds "6"]
[EventCountry "ENG"]
[SourceTitle "BritBase"]
[Source "John Saunders"]
[SourceDate "2025.12.11"]
[SourceVersion "1"]
[SourceVersionDate "2025.12.11"]
[SourceQuality "1"]

1. d4 d5 2. Bf4 Nf6 3. e3 c6 4. Bd3 Bg4 5. f3 Bh5 6. g4 Bg6 7. h4 Qb6 8. Nd2 Bxd3 9. cxd3 Qxb2 10. Rb1 Qa3 11. Rxb7 Nbd7 12. Qc2 c5 13. Ne2 e6 14. O-O Be7 15. Rfb1 Rc8 16. Rc7 Rxc7 17. Bxc7 O-O 18. g5 Ne8 19. Rb7 Nxc7 20. Rxc7 Rd8 21. Kf2 Bd6 22. Rb7 Nf8 23. Qb3 Qa5 24. Nf1 Rc8 25. Rb5 Qd8 26. dxc5 Bxc5 27. d4 Bd6 28. f4 h6 29. Rb7 hxg5 30. hxg5 a5 31. Qb6 Qxb6 32. Rxb6 Bb4 33. Rb5 Ra8 34. Nh2 f6 35. Nf3 Be7 36. Rb7 Bd8 37. gxf6 gxf6 38. Nh2 Rc8 39. Ng4 Ng6 40. Nh6+ Kf8 41. Rb2 f5 42. Rb7 Rc2 43. Rb8 Ke8 44. Ng8 Kd7 45. a3 Ra2 46. Rb3 Kc6 47. Ke1 Bh4+ 48. Kd1 Ra1+ 49. Nc1 Ne7 50. Nh6 a4 51. Rc3+ Kb6 52. Kc2 Be1 53. Rd3 Kb5 54. Kb2 Rxc1 55. Kxc1 Kc4 56. Kc2 Nc6 57. Nf7 Kb5 58. Nd6+ Kb6 59. Rd1 Bf2 60. Kd3 Na5 61. Rb1+ Kc6 62. Nf7 Kc7 63. Ne5 Nb3 64. Rf1 Bg3 65. Rg1 Bf2 66. Rg7+ Kc8 67. Ra7 Nc1+ 68. Kd2 Nb3+ 69. Ke2 Bh4 70. Rxa4 Be7 71. Ra7 Bd6 72. Nc6 Bc7 73. a4 Kd7 74. Ne5+ Kc8 75. Ra8+ Kb7 76. Re8 Bxe5 77. fxe5 1-0

[Event "Swindon U1900"]
[Site "Swindon"]
[Date "2025.08.24"]
[Round "4.9"]
[White "Jackson, Sam"]
[Black "Hitchens, Matthew"]
[Result "0-1"]
[WhiteElo "1701"]
[BlackElo "1861"]
[PlyCount "48"]
[EventDate "2025.08.22"]
[EventType "swiss"]
[EventRounds "6"]
[EventCountry "ENG"]
[SourceTitle "BritBase"]
[Source "John Saunders"]
[SourceDate "2025.12.11"]
[SourceVersion "1"]
[SourceVersionDate "2025.12.11"]
[SourceQuality "1"]

1. e4 c5 2. Nf3 d6 3. c3 Nf6 4. e5 dxe5 5. Nxe5 e6 6. d4 Bd6 7. Bb5+ Nbd7 8. O-O O-O 9. Nxd7 Bxd7 10. Bxd7 Qxd7 11. dxc5 Bxc5 12. Bg5 Rfd8 13. Nd2 Qb5 14. Bxf6 gxf6 15. Qg4+ Kh8 16. Ne4 f5 17. Qg5 fxe4 18. Qf6+ Kg8 19. Rae1 Qc6 20. Re2 Qd5 21. Rfe1 Qf5 22. Qh4 Rd3 23. Rxe4 Be7 24. Qh6 Qxe4 0-1

[Event "Swindon U1900"]
[Site "Swindon"]
[Date "2025.08.24"]
[Round "4.10"]
[White "Sengenberger, Sara"]
[Black "Tuson, Jon"]
[Result "0-1"]
[WhiteElo "1649"]
[BlackElo "1825"]
[PlyCount "58"]
[EventDate "2025.08.22"]
[EventType "swiss"]
[EventRounds "6"]
[EventCountry "ENG"]
[SourceTitle "BritBase"]
[Source "John Saunders"]
[SourceDate "2025.12.11"]
[SourceVersion "1"]
[SourceVersionDate "2025.12.11"]
[SourceQuality "1"]

1. e4 d6 2. Nc3 Nf6 3. f4 g6 4. Nf3 Bg7 5. Bc4 O-O 6. d3 c5 7. O-O Nc6 8. Qe1 Na5 9. Bb3 Nxb3 10. axb3 e6 11. h3 Bd7 12. Qh4 b5 13. e5 Nd5 14. Qxd8 Rfxd8 15. Nxd5 exd5 16. c3 Bf5 17. d4 a5 18. dxc5 dxc5 19. Be3 Bf8 20. Rf2 h6 21. g4 Be4 22. Nh4 d4 23. cxd4 cxd4 24. Bd2 d3 25. Rxa5 Bc5 26. Kf1 Rxa5 27. Bxa5 Ra8 28. b4 Bxf2 29. Kxf2 Rc8 0-1

[Event "Swindon U1900"]
[Site "Swindon"]
[Date "2025.08.24"]
[Round "4.11"]
[White "Goodfellow, Russell Robert"]
[Black "Redmill, Simon Matthew"]
[Result "1-0"]
[WhiteElo "1814"]
[BlackElo "1716"]
[PlyCount "106"]
[EventDate "2025.08.22"]
[EventType "swiss"]
[EventRounds "6"]
[EventCountry "ENG"]
[SourceTitle "BritBase"]
[Source "John Saunders"]
[SourceDate "2025.12.11"]
[SourceVersion "1"]
[SourceVersionDate "2025.12.11"]
[SourceQuality "1"]

1. e4 d5 2. exd5 Nf6 3. Bb5+ Bd7 4. Bc4 c6 5. dxc6 Bxc6 6. Nf3 e6 7. O-O Bd6 8. d3 O-O 9. Re1 Re8 10. Nbd2 a6 11. d4 Nbd7 12. Ne5 Qc7 13. Qe2 Rac8 14. Bd3 Red8 15. c3 Nd5 16. Bxh7+ Kxh7 17. Qh5+ Kg8 18. Qxf7+ Kh7 19. Re4 Be7 20. Qg6+ Kh8 21. Nf7+ Kg8 22. Nxd8 Qxd8 23. Qxe6+ Kf8 24. Nf3 Qe8 25. Bd2 Qf7 26. Rae1 Qxe6 27. Rxe6 Bf6 28. c4 Nc7 29. R6e3 Bxf3 30. Rxf3 Kg8 31. Bc3 Nb6 32. b3 Nd7 33. Rfe3 b6 34. f4 b5 35. g4 g6 36. g5 Bg7 37. Re7 Nc5 38. Rxg7+ Kxg7 39. dxc5+ Kf7 40. Re4 Ne6 41. b4 Ke7 42. Be5 Kd7 43. cxb5 axb5 44. Re3 Ra8 45. a3 Nd8 46. Bb2 Ne6 47. Rd3+ Kc7 48. Be5+ Kb7 49. Kg2 Rf8 50. Kg3 Rf5 51. h4 Rf8 52. Rd6 Re8 53. Kg4 Rh8 1-0

[Event "Swindon U1900"]
[Site "Swindon"]
[Date "2025.08.24"]
[Round "4.12"]
[White "Williams, R Gareth"]
[Black "Czarnuch, Dominic"]
[Result "1-0"]
[WhiteElo "1806"]
[BlackElo "1652"]
[PlyCount "91"]
[EventDate "2025.08.22"]
[EventType "swiss"]
[EventRounds "6"]
[EventCountry "ENG"]
[SourceTitle "BritBase"]
[Source "John Saunders"]
[SourceDate "2025.12.11"]
[SourceVersion "1"]
[SourceVersionDate "2025.12.11"]
[SourceQuality "1"]

1. d4 Nf6 2. Nc3 d5 3. Bf4 Bf5 4. f3 h5 5. e3 e6 6. Bd3 Bb4 7. a3 Bxc3+ 8. bxc3 Nbd7 9. Bg5 Qc8 10. c4 c6 11. Qe2 Qc7 12. e4 Bg6 13. e5 Bxd3 14. cxd3 Nh7 15. Be3 Nhf8 16. Nh3 Ng6 17. f4 Ne7 18. Ng5 g6 19. Kf2 Nb6 20. a4 Nbc8 21. c5 Rb8 22. Rhb1 Nf5 23. Qb2 Nxe3 24. Kxe3 Ne7 25. Nf3 Nf5+ 26. Kf2 Qa5 27. Qb4 Qxb4 28. Rxb4 Kd7 29. Rab1 Kc7 30. a5 a6 31. Ng5 Rhf8 32. Nh7 Rh8 33. Nf6 Rh6 34. Ne8+ Rxe8 35. Rxb7+ Kd8 36. Ra7 Kc8 37. Ra8+ Kc7 38. Rxe8 Nxd4 39. Rb6 Kd7 40. Ra8 Nb5 41. Rb7+ Nc7 42. Raa7 Rh8 43. Rxc7+ Kd8 44. Rxf7 Ke8 45. Rfb7 Rh7 46. Ra8# 1-0

[Event "Swindon U1900"]
[Site "Swindon"]
[Date "2025.08.24"]
[Round "4.13"]
[White "Dickerson, Trevor"]
[Black "Misra, Anay"]
[Result "1/2-1/2"]
[WhiteElo "1687"]
[BlackElo "1804"]
[PlyCount "40"]
[EventDate "2025.08.22"]
[EventType "swiss"]
[EventRounds "6"]
[EventCountry "ENG"]
[SourceTitle "BritBase"]
[Source "John Saunders"]
[SourceDate "2025.12.11"]
[SourceVersion "1"]
[SourceVersionDate "2025.12.11"]
[SourceQuality "1"]

1. d4 f5 2. g3 Nf6 3. Bg2 e6 4. Nf3 Be7 5. O-O O-O 6. c4 d6 7. Nc3 Nc6 8. Re1 d5 9. cxd5 exd5 10. Bf4 a6 11. Ne5 Be6 12. Rc1 Nxe5 13. Bxe5 c6 14. Qb3 Ra7 15. Na4 Nd7 16. Bf4 g5 17. Bd2 h6 18. f4 g4 19. Bb4 Bxb4 20. Qxb4 h5 1/2-1/2

[Event "Swindon U1900"]
[Site "Swindon"]
[Date "2025.08.24"]
[Round "4.14"]
[White "Lawrence, Spencer"]
[Black "Li, Yueci"]
[Result "1-0"]
[WhiteElo "1791"]
[BlackElo "1690"]
[PlyCount "103"]
[EventDate "2025.08.22"]
[EventType "swiss"]
[EventRounds "6"]
[EventCountry "ENG"]
[SourceTitle "BritBase"]
[Source "John Saunders"]
[SourceDate "2025.12.11"]
[SourceVersion "1"]
[SourceVersionDate "2025.12.11"]
[SourceQuality "1"]

1. Nf3 d5 2. g3 Nf6 3. Bg2 g6 4. b3 Bg7 5. Bb2 O-O 6. O-O c5 7. c4 dxc4 8. bxc4 Nc6 9. Ne5 Nxe5 10. Bxe5 Ne8 11. Bxg7 Kxg7 12. Nc3 Nd6 13. d3 Rb8 14. a4 b6 15. Ra2 Bb7 16. Bxb7 Nxb7 17. Qa1 Kg8 18. Nd5 Na5 19. h4 Nc6 20. Kg2 a5 21. h5 Nb4 22. Qe5 Rb7 23. hxg6 hxg6 24. Rh1 f6 25. Qe4 f5 26. Qh4 e6 27. Qh8+ Kf7 28. Qh7+ Ke8 29. Qxg6+ Kd7 30. Rh7+ Kc8 31. Qxe6+ Kb8 32. Rxb7+ Kxb7 33. Ra1 Ka6 34. Rh1 Nxd5 35. cxd5 f4 36. Qc6 fxg3 37. fxg3 Rf6 38. Qb5+ Ka7 39. Rh7+ Kb8 40. e4 Qf8 41. Qa6 Rf2+ 42. Kh3 Rh2+ 43. Kxh2 Qf2+ 44. Kh3 Qf1+ 45. Kg4 Qe2+ 46. Kf5 Qf3+ 47. Ke6 Qg4+ 48. Ke7 Qg5+ 49. Kd7 Qg4+ 50. Kc6 Qg6+ 51. d6 Qe8+ 52. Rd7 1-0

[Event "Swindon U1900"]
[Site "Swindon"]
[Date "2025.08.24"]
[Round "4.15"]
[White "Kocan, Barry A"]
[Black "Binu, Nathan"]
[Result "0-1"]
[WhiteElo "1673"]
[BlackElo "1758"]
[PlyCount "46"]
[EventDate "2025.08.22"]
[EventType "swiss"]
[EventRounds "6"]
[EventCountry "ENG"]
[SourceTitle "BritBase"]
[Source "John Saunders"]
[SourceDate "2025.12.11"]
[SourceVersion "1"]
[SourceVersionDate "2025.12.11"]
[SourceQuality "1"]

1. e4 e5 2. Nf3 Nc6 3. Bb5 Nf6 4. d3 Bc5 5. O-O Nd4 6. Ba4 Nxf3+ 7. Qxf3 h6 8. Qg3 Qe7 9. Qxg7 Rh7 10. Qg3 c6 11. Nc3 b5 12. Bb3 d6 13. a4 b4 14. Ne2 Bg4 15. Re1 Rg7 16. h3 Nh5 17. Qh2 Bf3 18. g4 Qh4 19. Be3 Bxe3 20. fxe3 Ke7 21. Kf1 Rxg4 22. Ng1 Rg2 23. Nxf3 Qf2# 0-1

[Event "Swindon U1900"]
[Site "Swindon"]
[Date "2025.08.24"]
[Round "5.1"]
[White "Johnson, Richard J"]
[Black "Ramdewar, Ishan"]
[Result "1/2-1/2"]
[WhiteElo "1866"]
[BlackElo "1867"]
[PlyCount "37"]
[EventDate "2025.08.22"]
[EventType "swiss"]
[EventRounds "6"]
[EventCountry "ENG"]
[SourceTitle "BritBase"]
[Source "John Saunders"]
[SourceDate "2025.12.11"]
[SourceVersion "1"]
[SourceVersionDate "2025.12.11"]
[SourceQuality "1"]

1. e4 e5 2. Nf3 Nc6 3. d4 exd4 4. Nxd4 Nf6 5. Nc3 Bb4 6. Nxc6 bxc6 7. Bd3 d5 8. exd5 cxd5 9. O-O O-O 10. Bg5 c6 11. Qf3 h6 12. Bxf6 Qxf6 13. Qxf6 gxf6 14. Ne2 Re8 15. c3 Bf8 16. Rfe1 Bd7 17. Ng3 Rxe1+ 18. Rxe1 Re8 19. Bf1 1/2-1/2

[Event "Swindon U1900"]
[Site "Swindon"]
[Date "2025.08.24"]
[Round "5.2"]
[White "Driver, Kingsley"]
[Black "Reith, Duncan Im"]
[Result "1/2-1/2"]
[WhiteElo "1778"]
[BlackElo "1849"]
[PlyCount "45"]
[EventDate "2025.08.22"]
[EventType "swiss"]
[EventRounds "6"]
[EventCountry "ENG"]
[SourceTitle "BritBase"]
[Source "John Saunders"]
[SourceDate "2025.12.11"]
[SourceVersion "1"]
[SourceVersionDate "2025.12.11"]
[SourceQuality "1"]

1. e4 c5 2. Nf3 g6 3. d4 cxd4 4. Nxd4 Nc6 5. Nc3 Bg7 6. Be3 Nf6 7. Be2 O-O 8. O-O d5 9. exd5 Nxd5 10. Nxd5 Qxd5 11. Nxc6 Qxc6 12. c3 Bf5 13. Qb3 e5 14. Rfd1 Be6 15. Qc2 f5 16. f3 Rfd8 17. Bg5 Re8 18. Rd2 Qb6+ 19. Kf1 h6 20. Bh4 g5 21. Bf2 Qc7 22. Rad1 Red8 23. Rxd8+ 1/2-1/2

[Event "Swindon U1900"]
[Site "Swindon"]
[Date "2025.08.24"]
[Round "5.3"]
[White "Moseley, Alan"]
[Black "Cawston, M John"]
[Result "1/2-1/2"]
[WhiteElo "1759"]
[BlackElo "1781"]
[PlyCount "64"]
[EventDate "2025.08.22"]
[EventType "swiss"]
[EventRounds "6"]
[EventCountry "ENG"]
[SourceTitle "BritBase"]
[Source "John Saunders"]
[SourceDate "2025.12.11"]
[SourceVersion "1"]
[SourceVersionDate "2025.12.11"]
[SourceQuality "1"]

1. d4 Nf6 2. c4 Nc6 3. Nc3 e5 4. d5 Ne7 5. e4 Ng6 6. Be3 Bb4 7. Bd3 Bxc3+ 8. bxc3 O-O 9. Ne2 d6 10. f3 Qe7 11. Qd2 c5 12. g4 Nh4 13. O-O Ng6 14. Bg5 Re8 15. a4 h6 16. Be3 Nh7 17. Kh1 Ng5 18. Ng1 Qf6 19. Be2 Bd7 20. a5 Rab8 21. Rfb1 Nf4 22. Bf1 h5 23. h4 Nh7 24. g5 Qe7 25. Bxf4 exf4 26. Qxf4 Nf8 27. Bh3 Ng6 28. Qg3 Bxh3 29. Nxh3 Qe5 30. Qe1 Nf4 31. Nf2 f5 32. Ra2 fxe4 1/2-1/2